logo

Bir Sreshtho Munshi Abdur Rouf Library
Jhenaidah Cadet College

An Introduction To Economic Reasoning / (Record no. 7061)

MARC details
000 -LEADER
fixed length control field 00689nam a22002417a 4500
001 - CONTROL NUMBER
JCCL Control Number 7061
003 - CONTROL NUMBER IDENTIFIER
JCCL marc code BD-JhCC
005 - DATE AND TIME OF LATEST TRANSACTION
control field 20180419190652.0
008 - FIXED-LENGTH DATA ELEMENTS--GENERAL INFORMATION
fixed length control field 180204s1956 xxu |||| |||| 00| 0 eng d
035 ## - SYSTEM CONTROL NUMBER
system control number (BD-JhCC)7061
040 ## - CATALOGING SOURCE
Original cataloging agency BD-JhCC
Modifying agency BD-JhCC
041 ## - LANGUAGE CODE
Language code of Book eng
082 ## - DEWEY DECIMAL CLASSIFICATION NUMBER
Classification number 330
Author mark and Year ROB 1956
100 ## - MAIN ENTRY--PERSONAL NAME
Personal name Robinson, Marshall A.
245 ## - TITLE STATEMENT
Title An Introduction To Economic Reasoning /
Statement of responsibility, etc Marshall A. Robinson, Herbert C. Morton and James D. Calderwood
260 ## - PUBLICATION, DISTRIBUTION, ETC. (IMPRINT)
Place of publication, distribution, etc USA :
Name of publisher, distributor, etc The Brookings Institution,
Date of publication, distribution, etc 1956.
300 ## - PHYSICAL DESCRIPTION
Pagination 335 p. :
Dimensions 23 cm.
500 ## - GENERAL NOTE
General note Includes Index
650 ## - SUBJECT ADDED ENTRY--TOPICAL TERM
Topical term or geographic name as entry element Economics
700 ## - ADDED ENTRY--PERSONAL NAME
Personal name Morton, Herbert C.
700 ## - ADDED ENTRY--PERSONAL NAME
Personal name Calderwood, James D.
942 ## - ADDED ENTRY ELEMENTS (KOHA)
Source of classification or shelving scheme Dewey Decimal Classification
Koha item type Books
Holdings
Source of classification or shelving scheme Damaged status Not for loan Home library Current library Shelving location Date of accession Source of acquisition Total Checkouts Full call number Barcode Date last seen Date checked out Copy number Koha item type
Dewey Decimal Classification     JCC Rouf Library JCC Rouf Library General Stacks 02/04/2018 The Asia Foundation 1 330 ROB 1956 1162 01/29/2025 01/29/2025 C-1 Books

JCC Library | Contacts | JCC Home

Last Update on 23 September 2017
Copyright @ 2017-2020 JCC Rouf Library
Rouf Library, Jhenidah Cadet College (JCC), Bangladesh